00268 a2200121 450000500170000002000190001710000270003624500210006325000120008426000280009694200070012499900150013120251017170705.0 a978-8119896608 aWeir, Maurice D.91439 aThomas' Calculus a15th ed bPearson Educationc2024 cBK c5523d5518